Социальная реклама. Особенности ее использования в России; Актуальные проблемы гуманитарных наук

Podrobná bibliografie
Parent link:Актуальные проблемы гуманитарных наук.— 2010.— С. 15-17
Hlavní autor: Басенко В. В.
Další autoři: Корниенко А. А. Алла Александровна
Jazyk:ruština
Vydáno: 2010
Témata:
Médium: MixedMaterials Kapitola
KOHA link:https://koha.lib.tpu.ru/cgi-bin/koha/opac-detail.pl?biblionumber=190334

MARC

LEADER 00000naa2a2200000 4500
001 190334
005 20240213143017.0
035 |a (RuTPU)RU\TPU\book\207367 
035 |a RU\TPU\tpu\18241 
090 |a 190334 
100 |a 20110120d2010 k y0rusy50 ca 
101 0 |a rus 
102 |a RU 
200 1 |a Социальная реклама. Особенности ее использования в России  |f В. В. Басенко, А. А. Корниенко 
320 |a Библиогр.: с. 16-17 
463 0 |0 (RuTPU)RU\TPU\book\205127  |y 978-5-98298-643-6  |t Актуальные проблемы гуманитарных наук  |o сборник трудов IX Международной научно-практической конференции студентов, аспирантов и молодых ученых, 22-23 апреля 2010 г., Томск  |f Национальный исследовательский Томский политехнический университет (ТПУ)  |v С. 15-17  |d 2010  |p 564 с. 
610 1 |a реклама 
610 1 |a социальная реклама 
610 1 |a Россия 
610 1 |a труды учёных ТПУ 
700 1 |a Басенко  |b В. В. 
701 1 |a Корниенко  |b А. А.  |c российский философ  |c профессор Томского политехнического университета  |c заведующая кафедрой философии  |f 1941-  |g Алла Александровна  |3 (RuTPU)RU\TPU\pers\21967  |9 9286 
801 1 |a RU  |b 63413507  |c 20101001 
801 2 |a RU  |b 63413507  |c 20110318  |g RCR 
942 |c BK